000 01197nam2a22002411 4500
001 rc\4155445
005 20250611004843.0
035 _a(NLR Aleph) 007993454
090 _a8594181
_c8594181
100 _a20130415d1950 |||y0rusy50 ca
101 0 _arus
102 _aRU
105 _aa z |||||
200 1 _aНаступательный бой стрелкового корпуса
210 _d1950
_aБ. м.
215 _a244 с., 1 л. табл.
333 _aДСП. Экз. № 717; 681
461 0 _1001rc\4155444
_12001#$aСборник тактических примеров из Великой Отечественной войны$eВып. 3-$fГл. воен.-науч. упр. Ген. штаба Советской Армии. Воен.-ист. упр.$vВып. 3
_98594177
_cМосква
_d1950
_fГл. воен.-науч. упр. Ген. штаба Советской Армии. Воен.-ист. упр.
_nВоениздат
_oВып. 3-
_tСборник тактических примеров из Великой Отечественной войны
_vВып. 3
801 0 _aRU
_bNLR
_gpsbo
801 1 _aRU
_bELAR
_2rusmarc
852 _aNLR
_j67-5/1733
942 _cBOOK
980 _aNB